Dutch organized agriculture in international politics, 1945-1960 (Record no. 426484)

000 -LEADER
fixed length control field 00528cam a22001457a 4500
008 - FIXED-LENGTH DATA ELEMENTS--GENERAL INFORMATION
fixed length control field 180718b1961 xxu||||| |||| 00| 0 eng d
082 ## - DEWEY DECIMAL CLASSIFICATION NUMBER
Classification number F53x492 R553
100 ## - MAIN ENTRY--PERSONAL NAME
Personal name Robison, Alan D.
245 ## - TITLE STATEMENT
Title Dutch organized agriculture in international politics, 1945-1960
Statement of responsibility, etc. by Alan D. Robison
260 ## - PUBLICATION, DISTRIBUTION, ETC.
Place of publication, distribution, etc. The Hague
Name of publisher, distributor, etc. M. Nijhoff
Date of publication, distribution, etc. 1961
300 ## - PHYSICAL DESCRIPTION
Extent 192p
650 ## - SUBJECT ADDED ENTRY--TOPICAL TERM
Topical term or geographic name entry element Agriculture and state --European Economic Community countries
650 ## - SUBJECT ADDED ENTRY--TOPICAL TERM
Topical term or geographic name entry element Agriculture and state --Netherlands
650 ## - SUBJECT ADDED ENTRY--TOPICAL TERM
Topical term or geographic name entry element Agriculture --Economic aspects --Netherlands
Holdings
Withdrawn status Lost status Damaged status Not for loan Permanent Location Current Location Date acquired Full call number Barcode Date last seen Price effective from Koha item type
        Indian Institute of Public Administration Indian Institute of Public Administration 2009-10-29 F53x492 R553 32477 2018-07-21 2018-07-21 Book

Powered by Koha